000 01583cam a2200145 4500500
005 20251214003916.0
041 _afre
042 _adc
100 1 0 _aGrandjean, Geoffrey
_eauthor
700 1 0 _aJamin, Jérôme
_eauthor
245 0 0 _aLa concurrence mémorielle
260 _bArmand Colin,
_c2011.
520 _a« Ce que personne ne sait et qui ne laisse pas de trace n’existe pas » expliquait Italo Svevo. Si chez certains le temps suffit pour qu’un événement tombe dans l’oubli et qu’on vienne à penser qu’il n’a jamais existé. Pour d’autres, au contraire, le souvenir est resté vivace, entretenu par un groupe ou une communauté d’individus, souvent organisés en associations, et prêts à tout pour faire connaître et reconnaître un massacre, un attentat, un génocide, une catastrophe naturelle… Confrontés les uns aux autres, ces souvenirs suscitent parfois une compétition malheureuse, parfois volontaire, souvent inconsciente, qui s’alimente d’un univers sur-médiatisé où les images récentes et plus anciennes se multiplient et se télescopent. La concurrence des mémoires défie les imaginaires nationaux et remet en question le droit des États à dicter ce qui leur semble bon pour la Nation. Souvent considérée comme un effet secondaire lié à des problèmes plus fondamentaux, la concurrence mémorielle est en réalité un enjeu structurant et déterminant pour la cohésion sociale de nos sociétés.
856 4 1 _uhttps://shs.cairn.info/la-concurrence-memorielle--9782200259174?lang=fr&redirect-ssocas=7080
999 _c1568041
_d1568041